<?xml version="1.0" encoding="UTF-8"?>
<record
    xmlns:xsi="http://www.w3.org/2001/XMLSchema-instance"
    xsi:schemaLocation="http://www.loc.gov/MARC21/slim http://www.loc.gov/standards/marcxml/schema/MARC21slim.xsd"
    xmlns="http://www.loc.gov/MARC21/slim">

  <leader>00535nam a2200169Ia 4500</leader>
  <controlfield tag="008">230718s9999    xx            000 0 und d</controlfield>
  <datafield tag="020" ind1=" " ind2=" ">
    <subfield code="a">9788173818905</subfield>
  </datafield>
  <datafield tag="041" ind1=" " ind2=" ">
    <subfield code="a">eng</subfield>
  </datafield>
  <datafield tag="082" ind1=" " ind2=" ">
    <subfield code="a">621.384'35</subfield>
    <subfield code="b">BHA</subfield>
  </datafield>
  <datafield tag="100" ind1=" " ind2=" ">
    <subfield code="a">Bhattacharya A.B.</subfield>
    <subfield code="9">192408</subfield>
  </datafield>
  <datafield tag="245" ind1=" " ind2=" ">
    <subfield code="a">Radio Wave Propagation And Its Applications To Electronic Communication</subfield>
  </datafield>
  <datafield tag="260" ind1=" " ind2=" ">
    <subfield code="c">2016</subfield>
    <subfield code="b">New Central Book Agency</subfield>
  </datafield>
  <datafield tag="300" ind1=" " ind2=" ">
    <subfield code="a">691</subfield>
  </datafield>
  <datafield tag="365" ind1=" " ind2=" ">
    <subfield code="c">Rs.</subfield>
    <subfield code="b">695.00</subfield>
  </datafield>
  <datafield tag="700" ind1=" " ind2=" ">
    <subfield code="a">Bhattacharya A.B. &amp; Biswas S.</subfield>
    <subfield code="9">199085</subfield>
  </datafield>
  <datafield tag="906" ind1=" " ind2=" ">
    <subfield code="d">O:0515225-Jun-2016B:166116-May-2016</subfield>
    <subfield code="c">ETC </subfield>
    <subfield code="b">152.9</subfield>
  </datafield>
  <datafield tag="999" ind1=" " ind2=" ">
    <subfield code="c">342243</subfield>
    <subfield code="d">342243</subfield>
  </datafield>
  <datafield tag="952" ind1=" " ind2=" ">
    <subfield code="0">0</subfield>
    <subfield code="1">0</subfield>
    <subfield code="4">0</subfield>
    <subfield code="7">0</subfield>
    <subfield code="a">CCEP</subfield>
    <subfield code="b">CCEP</subfield>
    <subfield code="d">2016-06-25</subfield>
    <subfield code="e">Technical Book Services</subfield>
    <subfield code="f">ETC </subfield>
    <subfield code="g">542.10</subfield>
    <subfield code="i">1661</subfield>
    <subfield code="l">0</subfield>
    <subfield code="o">621.384'35</subfield>
    <subfield code="p">CCEP-BK-53450</subfield>
    <subfield code="r">2023-07-18 00:00:00</subfield>
    <subfield code="t">152.9</subfield>
    <subfield code="v">695.00</subfield>
    <subfield code="w">2016-05-16</subfield>
    <subfield code="y">BK</subfield>
    <subfield code="z">053450</subfield>
  </datafield>
  <datafield tag="952" ind1=" " ind2=" ">
    <subfield code="0">0</subfield>
    <subfield code="1">0</subfield>
    <subfield code="2">ddc</subfield>
    <subfield code="4">0</subfield>
    <subfield code="7">0</subfield>
    <subfield code="a">CCEP</subfield>
    <subfield code="b">CCEP</subfield>
    <subfield code="d">2023-08-31</subfield>
    <subfield code="e">115</subfield>
    <subfield code="g">625.50</subfield>
    <subfield code="l">0</subfield>
    <subfield code="o">621.38435</subfield>
    <subfield code="p">CCEP-BK-65173</subfield>
    <subfield code="r">2023-08-31 00:00:00</subfield>
    <subfield code="v">695.00</subfield>
    <subfield code="w">2023-08-31</subfield>
    <subfield code="y">BK</subfield>
  </datafield>
</record>
